00374nam a2200109Ia 4500008004100000082001300041100000900054245011800063260006000181300000700241650001600248140316s9999 xx 000 0 und d aICARbED aICAR aProceedings of the conference of vice-chancellors of agricultural universities and interface with ICAR directors. aNewdelhibIndian council of agricultural researchc2011 a66 aProceedings